<Le> commerce international
Gespeichert in:
| 1. Verfasser: | |
|---|---|
| Format: | Buch |
| Sprache: | Französisch |
| Veröffentlicht: |
Paris
Ellipses
2002
|
| Schriftenreihe: | Carrefours
|
| Schlagworte: | |
| Tags: |
Keine Tags, Fügen Sie das erste Tag hinzu!
|
MARC
| LEADER | 00000nam$a2200000$$$4500 | ||
|---|---|---|---|
| 001 | 0086251 | ||
| 005 | 20240315120444.5 | ||
| 020 | |a 2-7298-1284-9 | ||
| 041 | 0 | |a fre | |
| 044 | |a FR | ||
| 245 | 1 | 0 | |a <Le> commerce international |c Michel Battiau |
| 264 | 1 | |a Paris |b Ellipses |c 2002 | |
| 300 | |a 158 s. | ||
| 490 | 1 | |a Carrefours | |
| 830 | 0 | |a Carrefours | |
| 610 | 2 | 0 | |a obchod medzinárodný |
| 610 | 2 | 0 | |a globalizácia |
| 610 | 2 | 0 | |a trh svetový |
| 610 | 2 | 0 | |a organizácie obchodné |
| 610 | 2 | 0 | |a prostriedky dopravné |
| 610 | 2 | 0 | |a komunikácia |
| 610 | 2 | 0 | |a geografia |
| 610 | 2 | 0 | |a krajiny vyspelé |
| 610 | 2 | 0 | |a politika hospodárska |
| 610 | 2 | 0 | |a vývoz |
| 610 | 2 | 0 | |a dovoz |
| 610 | 2 | 0 | |a vývoj hospodársky |
| 610 | 2 | 0 | |a porovnanie medzinárodné |
| 100 | 1 | |a Battiau, Michel | |